000 006920000a22002170004500
003 LK-CoMWRAF
008 230817t1996 ||||| |||| 00| 0 eng d
020 _a955580009X
040 _aLK-CoMWRAF
_dLK-CoMWRAF
_eLK-CoMWRAF
041 _aeng
082 _a320.95493
_bINT
111 _aINTERNATIONAL CENTRE FOR ETHNIC STUDIES
245 _aSri Lanka:
_bthe devolution debate
260 _aColombo:
_b International Centre for Ethnic Studies,
_c1996
300 _a255p. ; 22cm.
650 _aDECENTRALIZATION IN GOVERNMENT-Sri Lanka-Congresses
650 _aConstitutional amendments -- Sri Lanka
650 _aEthnic relations-Sri Lanka
700 _aSiriwardena, Regi
_eed.
942 _cBK
999 _c2499
_d2499